00760cam a22002413a 45000010005000000030006000050050017000110080041000280400015000690420007000840500007000911000052000982450088001502600029002385060030002675160020002976530021003176530043003386530032003816530036004138300028004498560041004777688PGUSA20140828083147.0050301s2005||||xxu|||||s|||||000 1 eng d aPGUSAbeng adc 4aPR1 aLytton, Edward Bulwer Lytton, Baron,d1803-187310aLucretia — Volume 04h[electronic resource] /cEdward Bulwer Lytton, Baron Lytton bProject Gutenberg,c2005 aPublic domain in the USA. aElectronic text aCrime -- Fiction aDetective and mystery stories, English aLondon (England) -- Fiction aEnglish fiction -- 19th century 0aProject Gutenbergv768840uhttp://www.gutenberg.org/ebooks/7688